| 000 | 00800nam a2200265 i 4500 | ||
|---|---|---|---|
| 003 | DO-SdBNP | ||
| 005 | 20230927102153.0 | ||
| 007 | ta | ||
| 008 | 110413s2022 xxu 000 j spa d | ||
| 020 | _a9789945621839 | ||
| 040 |
_aDO-SdBNP _bspa _cBNPHU _erda |
||
| 082 |
_bR426m _222 |
||
| 110 |
_aRepública Dominicana. _bSalud Pública _978468 |
||
| 245 | 0 | 0 | _aManual de procedimiento de detección temprana de cáncer en niños, niñas y adolescentes |
| 264 | 1 |
_aSanto Domingo : _bSalud Pública _c2023. |
|
| 300 |
_a54 páginas : _bilustraciones _c27 cm. |
||
| 336 |
_2rdacontent _atexto _btxt |
||
| 337 |
_2rdamedia _asin mediación _bn |
||
| 338 |
_2rdacarrier _avolumen _bnc |
||
| 590 | _aInventariado, 2023/ DG | ||
| 700 | _984128 | ||
| 700 | _984129 | ||
| 910 | _aDG | ||
| 942 |
_2ddc _cLBS1 |
||
| 999 |
_c54961 _d54961 |
||